كيف تصنع طفلا مبدعا في عام / (رقم التسجيلة. 23511)
[ عرض عادي ]
| 000 -الفاتح | |
|---|---|
| حقل البيانات ثابتة الطول | 00923nam a22002291a 4500 |
| 003 - محدد رقم الضبط | |
| رقم الضبط | OSt |
| 005 - وقت وتاريخ اخر تعامل مع التسجيلة | |
| رقم الضبط | 20150408114037.0 |
| 008 - عناصر البيانات ثابتة الطول - معلومات عامة | |
| حقل البيانات ثابتة الطول | 120522s2008 ua ||||g b 00| 0 ara d |
| 020 ## - الرقم الدولى المعيارى للكتب | |
| الرقم الدولى المعيارى للكتاب | 9789774560637 |
| 040 ## - مصدر الفهرسة | |
| وكالة الفهرسة الأصلية | عمادة شؤون المكتبات في جامعة المجمعة |
| 082 04 - رقم تصنيف ديوى العشرى | |
| رقم الطبعة | 21 |
| رقم التصنيف | 155.413 |
| رقم المادة | 155.413 ك ا ع |
| 100 1# - المدخل الرئيسى - إسم شخصى | |
| الإسم الشخصى | عبد المعطي، عبد الله محمد |
| 9 (RLIN) | 14679 |
| 245 10 - بيان العنوان | |
| العنوان | كيف تصنع طفلا مبدعا في عام / |
| بيان المسئوليه,etc | عبد الله محمد عبد المعطي. |
| 250 ## - بيان الطبعة | |
| بيان الطبعة | ط. 1. |
| 260 ## - PUBLICATION, DISTRIBUTION, ETC. (IMPRINT) | |
| مكان الناشر او الموزع | القاهرة : |
| اسم الناشر او الموزع | دار الأندلس الجديدة للنشر والتوزيع، |
| تاريخ النشر أو التوزيع | 2008 |
| 300 ## - الوصف المادى | |
| التعداد | 239 ص. ؛ |
| أبعاد الوعاء | 24 سم. |
| 504 ## - تبصرة ببليوجرافية | |
| تبصرة ببليوجرافية,الخ | ببليوجرافية : ص. 223-236 |
| 650 #7 - المدخل الاضافى بالموضوع-مصطلح موضوعى | |
| مصدر الرأس أو المصطلح | aucsh |
| مصطلح موضوعي أو اسم جغرافي كعنصر مدخل | الإبداع عند الأطفال |
| 9 (RLIN) | 12727 |
| 650 #7 - المدخل الاضافى بالموضوع-مصطلح موضوعى | |
| مصدر الرأس أو المصطلح | aucsh |
| مصطلح موضوعي أو اسم جغرافي كعنصر مدخل | تربية الأطفال |
| 650 #7 - المدخل الاضافى بالموضوع-مصطلح موضوعى | |
| مصدر الرأس أو المصطلح | aucsh |
| مصطلح موضوعي أو اسم جغرافي كعنصر مدخل | الأطفال الموهوبون |
| 9 (RLIN) | 13019 |
| 942 ## - عناصر المدخل الإضافي( كوها) | |
| مصدر التصنيف او مخطط الترفيف | Dewey Decimal Classification |
| Koha [default] item type | كتاب |
| حالة الفقد | نموذج السعر الفعال | حالة تلف | ليس للاعارة | رقم الطلب | رقم النسخة | تاريخ الاكتساب | الموقع الحالي | الباركود | موقع الترفيف | الفرع الرئيسي | Date last seen | نوع المادة فى نظام كوها | مصدر التصنيف او خطة الترفيف | Total Checkouts | Date last checked out | Total Renewals |
|---|---|---|---|---|---|---|---|---|---|---|---|---|---|---|---|---|
| 2013-03-10 | Not For Loan | 155.413 155.413 ك ا ع | 1 | 2012-05-29 | المكتبة المركزية بالمجمعة (CL) | 205775 | stacks td | المكتبة المركزية بالمجمعة (CL) | 2013-03-10 | كتاب | Dewey Decimal Classification | |||||
| 2013-03-10 | 155.413 155.413 ك ا ع | 2 | 2012-05-29 | المكتبة المركزية بالمجمعة (CL) | 205774 | stacks td | المكتبة المركزية بالمجمعة (CL) | 2017-02-14 | كتاب | Dewey Decimal Classification | 1 | 2017-01-22 | ||||
| 2013-03-10 | 155.413 155.413 ك ا ع | 3 | 2012-05-29 | المكتبة المركزية بالمجمعة (CL) | 205773 | stacks td | المكتبة المركزية بالمجمعة (CL) | 2013-03-10 | كتاب | Dewey Decimal Classification | ||||||
| 2013-03-10 | Not For Loan | 155.413 155.413 ك ا ع | 1 | 2012-05-30 | مكتبة مجمع الطالبات بالمجمعة (EMF) | 206359 | stack td | مكتبة مجمع الطالبات بالمجمعة (EMF) | 2017-10-26 | كتاب | Dewey Decimal Classification | 3 | 2017-10-15 | 1 | ||
| 2013-03-10 | 155.413 155.413 ك ا ع | 2 | 2012-05-30 | مكتبة مجمع الطالبات بالمجمعة (EMF) | 206358 | stack td | مكتبة مجمع الطالبات بالمجمعة (EMF) | 2014-09-08 | كتاب | Dewey Decimal Classification | 1 | 2014-04-07 |
